[Event "MNE-ch 76th"]
[Site "Podgorica"]
[Date "2024.02.09"]
[Round "4"]
[White "Janketic, Milos"]
[Black "Maras, Marija Mia"]
[Result "1-0"]
[WhiteElo "1401"]
[BlackElo "1127"]
[PlyCount "33"]
[EventDate "2024.02.06"]
[EventType "swiss"]
[EventRounds "11"]
[EventCountry "MNE"]
[SourceTitle "CB08_2024"]
[SourceDate "2024.02.21"]
[SourceVersion "1"]
[SourceVersionDate "2024.02.21"]
[SourceQuality "1"]

1. e4 c5 2. c3 Nc6 3. d4 cxd4 4. cxd4 d5 5. Nc3 e6 6. Bb5 a6 7. Bxc6+ bxc6 8. Nf3 Bb4 9. e5 f6 10. 0-0 fxe5 11. Nxe5 Bb7 12. Qh5+ g6 13. Nxg6 Nf6 14. Qh3 Rg8 15. Qxe6+ Be7 16. Ne5 c5 17. Qf7# 1-0

[Event "MNE-ch (Women)"]
[Site "Podgorica"]
[Date "2023.12.03"]
[Round "7"]
[White "Bajic, Marija"]
[Black "Maras, Marija Mia"]
[Result "1/2-1/2"]
[WhiteElo "1412"]
[BlackElo "1108"]
[PlyCount "96"]
[EventDate "2023.11.29"]
[EventType "swiss"]
[EventRounds "7"]
[EventCountry "MNE"]
[SourceTitle "CB50_2023"]
[SourceDate "2023.12.13"]
[SourceVersion "1"]
[SourceVersionDate "2023.12.13"]
[SourceQuality "1"]

1. e4 c5 2. Nf3 Nc6 3. d4 cxd4 4. Nxd4 g6 5. Nc3 Bg7 6. Be3 Nf6 7. f3 0-0 8. Qd2 d5 9. 0-0-0 Be6 10. Bb5 Rc8 11. Nb3 a6 12. exd5 Nxd5 13. Nxd5 axb5 14. g4 Ne5 15. Bc5 Bxd5 16. Qxd5 Qxd5 17. Rxd5 Nxf3 18. Bxe7 Rfe8 19. Bb4 Re2 20. c3 Bh6+ 21. Kb1 Rxh2 22. Rxh2 Nxh2 23. g5 Bf8 24. Bxf8 Rxf8 25. Rxb5 Nf3 26. Nd4 Nxd4 27. cxd4 Rd8 28. d5 Kg7 29. Kc2 Rd7 30. Kd3 h5 31. Ke4 f5+ 32. Ke5 h4 33. Ke6 h3 34. Rb3 Rc7 35. Rxh3 Rc2 36. Rb3 Re2+ 37. Kd7 f4 38. Rf3 Rxb2 39. Rxf4 Rxa2 40. Rb4 Rg2 41. Rxb7 Rxg5 42. Ke6+ Kf8 43. d6 Rg1 44. d7 Re1+ 45. Kd6 Rd1+ 46. Ke6 Re1+ 47. Kf6 Rf1+ 48. Kxg6 Ke7 1/2-1/2

[Event "MNE-ch (Women)"]
[Site "Podgorica"]
[Date "2023.12.01"]
[Round "3"]
[White "Ivanovic, Tara"]
[Black "Maras, Marija Mia"]
[Result "0-1"]
[WhiteElo "1575"]
[BlackElo "1108"]
[PlyCount "90"]
[EventDate "2023.11.29"]
[EventType "swiss"]
[EventRounds "7"]
[EventCountry "MNE"]
[SourceTitle "CB50_2023"]
[SourceDate "2023.12.13"]
[SourceVersion "1"]
[SourceVersionDate "2023.12.13"]
[SourceQuality "1"]

1. e4 c5 2. Nf3 Nc6 3. d4 cxd4 4. Nxd4 g6 5. Nc3 Bg7 6. Be3 Nf6 7. f3 0-0 8. Qd2 d5 9. exd5 Nxd5 10. Nxc6 bxc6 11. 0-0-0 Be6 12. Bd4 Bxd4 13. Qxd4 Nxc3 14. Qxc3 Qc7 15. Bd3 Bd5 16. Bxg6 Qf4+ 17. Kb1 fxg6 18. Rd4 Qf6 19. h4 e5 20. Rg4 Rae8 21. Qe3 Be6 22. Rg5 Qf4 23. Qe1 Re7 24. g3 Qxf3 25. Rxe5 Bxa2+ 26. Kxa2 Rxe5 27. Qxe5 Qxh1 28. Qe6+ Rf7 29. Qe8+ Kg7 30. Qe5+ Kf8 31. Qd6+ Ke8 32. Qb8+ Kd7 33. Qxa7+ Ke6 34. Qe3+ Kd6 35. Qa3+ Ke6 36. Qe3+ Kf5 37. Qf4+ Ke6 38. Qe3+ Kd7 39. Qa7+ Ke6 40. Qe3+ Kd6 41. Qa3+ c5 42. Qa6+ Qc6 43. Qe2 Qd5+ 44. b3 Ra7+ 45. Kb1 Qh1+ 0-1

[Event "EU-ch (Women) 23rd"]
[Site "Petrovac"]
[Date "2023.03.22"]
[Round "5"]
[White "Walterova, Ema"]
[Black "Maras, Marija Mia"]
[Result "1-0"]
[WhiteElo "2048"]
[BlackElo "1051"]
[PlyCount "43"]
[EventDate "2023.03.18"]
[EventType "swiss"]
[EventRounds "11"]
[EventCountry "MNE"]
[SourceTitle "CBM 213 Extra"]
[Source "ChessBase"]
[SourceDate "2023.05.31"]
[SourceVersion "1"]
[SourceVersionDate "2023.05.31"]
[SourceQuality "1"]

1. e4 c5 2. Ne2 Nc6 3. Nbc3 g6 4. d4 cxd4 5. Nxd4 Bg7 6. Be3 Nf6 7. Bc4 0-0 8. f3 e6 9. Qd2 Ne7 10. 0-0-0 b6 11. Bh6 Bb7 12. Bxg7 Kxg7 13. e5 Nfg8 14. h4 h5 15. g4 hxg4 16. h5 gxf3 17. hxg6 fxg6 18. Qh2 Kf7 19. Ncb5 Nc8 20. Qh7+ Ke8 21. Qxg6+ Ke7 22. Rh7+ 1-0

[Event "MNT-ch 75th"]
[Site "Podgorica"]
[Date "2023.02.12"]
[Round "8"]
[White "Milosevic, Vuk"]
[Black "Maras, Marija Mia"]
[Result "1-0"]
[WhiteElo "1527"]
[BlackElo "1034"]
[PlyCount "67"]
[EventDate "2023.02.05"]
[EventType "swiss"]
[EventRounds "9"]
[EventCountry "MNE"]
[SourceTitle "CBM 212 Extra"]
[Source "ChessBase"]
[SourceDate "2023.03.31"]
[SourceVersion "1"]
[SourceVersionDate "2023.03.31"]
[SourceQuality "1"]

1. d4 Nf6 2. Nc3 e6 3. Bf4 Bb4 4. e3 Bxc3+ 5. bxc3 Nd5 6. Bg3 Nxc3 7. Qd3 Nd5 8. e4 Nb4 9. Qc3 N8c6 10. a3 Na6 11. d5 exd5 12. Qxg7 Rf8 13. Bxa6 bxa6 14. exd5 Ne7 15. 0-0-0 Bb7 16. d6 cxd6 17. Bxd6 Qa5 18. Nf3 Rg8 19. Qf6 0-0-0 20. Bxe7 Rxg2 21. Rd3 Rxf2 22. Bxd8 Qxd8 23. Rc3+ Bc6 24. Rxc6+ dxc6 25. Qxc6+ Kb8 26. Re1 Rxf3 27. Qxf3 Qg5+ 28. Qe3 Qh4 29. Qg3+ Qxg3 30. hxg3 h5 31. Re5 f6 32. Rxh5 Kb7 33. Rf5 a5 34. Rxf6 1-0

[Event "MNT-ch (Women)"]
[Site "Podgorica"]
[Date "2022.12.03"]
[Round "3"]
[White "Maras, Marija Mia"]
[Black "Ivanovic, Tara"]
[Result "0-1"]
[WhiteElo "1037"]
[BlackElo "1468"]
[PlyCount "84"]
[EventDate "2022.12.01"]
[EventType "swiss"]
[EventRounds "7"]
[EventCountry "MNE"]
[SourceTitle "EXT 2024"]
[Source "ChessBase"]
[SourceDate "2023.10.10"]
[SourceVersion "1"]
[SourceVersionDate "2023.10.10"]
[SourceQuality "1"]

1. d4 Nf6 2. Nf3 g6 3. b3 Bg7 4. Bb2 0-0 5. e3 d6 6. g3 Nc6 7. Bg2 Bg4 8. 0-0 Re8 9. Nc3 Qc8 10. Qd2 e5 11. d5 Ne7 12. e4 Bh3 13. Ne1 Bxg2 14. Nxg2 Qh3 15. f3 Bh6 16. Qe2 Nh5 17. Ne1 Qd7 18. Qb5 c6 19. Qd3 f5 20. dxc6 bxc6 21. exf5 gxf5 22. Ng2 Kh8 23. Rae1 Qe6 24. f4 e4 25. Nxe4+ Bg7 26. Bxg7+ Nxg7 27. Ng5 Qf6 28. Rf2 Nd5 29. Rfe2 Rxe2 30. Qxe2 h6 31. Nf3 Nc3 32. Qa6 d5 33. Qb7 Qf8 34. Qxc6 Rc8 35. Qxh6+ Kg8 36. Ng5 Qc5+ 37. Kh1 Ne4 38. Nxe4 dxe4 39. Nh4 Qc3 40. Rg1 Rd8 41. Ng6 Qf3+ 42. Rg2 Rd1# 0-1